Medalla de Oro de la Provincia al teniente general Don Joaquín Nogueras Márquez
Publicado:
San Jorge, núm. 88 (4t trimestre 1972), pàg 80 :
MARC
| LEADER | 00000nam a2200000Ia 4500 | ||
|---|---|---|---|
| 001 | |||
| 008 | 160829s9999 xx 000 0 cat d | ||
| 245 | |a Medalla de Oro de la Provincia al teniente general Don Joaquín Nogueras Márquez | ||
| 260 | |a San Jorge, núm. 88 (4t trimestre 1972), pàg 80 | ||
| 600 | 1 | 0 | |a Nogueras Márquez, Joaquín, |d 1906-1991 |x Medalles |9 56312 |
| 610 | 1 | 0 | |a Barcelona (Catalunya : Província). |b President (1967-1973 : Muller) |9 54359 |
| 650 | 0 | |a Medalla d'Or de la Provincia de Barcelona |9 30314 | |
| 650 | |a Pelayo Ros, Tomás |x Discursos |9 41832 | ||
| 901 | |a Arxiu | ||
| 942 | |n 1 | ||
| 952 | |0 0 |1 0 |4 0 |7 1 |9 50498 |a Arxiu |b Arxiu |d 2016-12-01 |l 0 |r 2016-12-01 00:00:00 |w 2016-12-01 |y ARXIU | ||
| 999 | |c 54340 |d 54340 | ||